=LDR 00000nam 2200000 4500 =001 INLIS000000000010447 =005 20130612102119 =008 ***********************************Ind** =035 ##$$0010-061300000010447 =041 ##$$a Ind =082 ##$$a 381.340 26 =090 ##$$a 381.340 26, Wah a =100 ##$$a WAHYUNI, Endang Sri =245 ##$$a Aspek hukum sertifikasi dan keterkaitannya dengan perlindungan konsumen =300 ##$$a x, 186 hlm, 21 cm =650 ##$$a Konsumen, Perlindungan - Aspek Hukum =850 ##$$a NBPNMAT =990 ##$$a 0001/BPAP-NTB/20142015 =990 ##$$a 0001/BPAP-NTB/2016